000 00749nam a22002057a 4500
999 _c179155
_d179155
005 20210527111355.0
010 _aB-739937
020 _a9781107667686
_c350.00
035 _aB-739937
037 _bGift
082 _a882
100 _aCrystal, David
245 _a'Think on my words':
_bexploring Shakespeare's language /
_cby David Crystal
260 _aDelhi
_bCambridge University Press
_c2013
270 _a4381/4, Ansari Road, Daryaganj
_bDelhi
_e110002
300 _axii, 254p.
_c21cm(pbk)
500 _aincludes bibliographical references and indexes
942 _2ddc
_cEN
_mCRY
_h882